000 00654nas a2200229 4500
001 BR8002069
003 BR-BrBNA
005 20231205084254.0
007 ta
008 230509b bl.|||p| |||| 00| 00por d
040 _aBR-BrBNA
_bpor
_cBiblioteca Nacional de Agricultura
041 _a(Pt)
072 _aF40
100 1 _aRodrigues, M.
245 1 _aCerrado, um territorio desconhecido [Brasil]
650 _aEcologia vegetal
650 _aVegetacao
650 _aCerrado
773 0 _tAgricultura de Hoje (Brazil)
_xISSN 0100-5707
_g(Aug 1980), v. 6(62) p. 32-34
_wBR8002069
909 _a202311
_bLúcia
_c55
_dLúcia Elande
942 _2AGRIS
_n0
_cANA
999 _c104168
_d104168